Words at work : Vocabulary development for business English
Đã lưu trong:
| 主要作者: | |
|---|---|
| 格式: | 圖書 |
| 語言: | Undetermined |
| 出版: |
Cambridge, U.K.
Cambridge University Press
1996
|
| 主題: | |
| 標簽: |
添加標簽
沒有標簽, 成為第一個標記此記錄!
|
| Thư viện lưu trữ: | Trung tâm Học liệu Trường Đại học Cần Thơ |
|---|
| LEADER | 00604nam a2200217Ia 4500 | ||
|---|---|---|---|
| 001 | CTU_112477 | ||
| 008 | 210402s9999 xx 000 0 und d | ||
| 020 | |c 227000 | ||
| 082 | |a 428.208865 | ||
| 082 | |b H816 | ||
| 100 | |a Horner, David | ||
| 245 | 0 | |a Words at work : | |
| 245 | 0 | |b Vocabulary development for business English | |
| 245 | 0 | |c David Horner, Peter Strutt | |
| 260 | |a Cambridge, U.K. | ||
| 260 | |b Cambridge University Press | ||
| 260 | |c 1996 | ||
| 650 | |a English language | ||
| 650 | |x Business English | ||
| 904 | |i Minh | ||
| 980 | |a Trung tâm Học liệu Trường Đại học Cần Thơ | ||